000 01192nam a2200325Ia 4500
001 ebr10575413
003 CaPaEBR
006 m u
007 cr cn|||||||||
008 850110s1986 ilu sb s001 0 eng d
010 _z 85001775
020 _z0809312247
020 _z0809312255 (pbk.)
020 _z9780809329854
020 _z9780809386093
040 _aCaPaEBR
_cCaPaEBR
035 _a(OCoLC)794701271
050 1 4 _aBQ4150
_b.J33 1986eb
100 1 _aJacobson, Nolan Pliny.
245 1 0 _aUnderstanding Buddhism
_h[electronic resource] /
_cNolan Pliny Jacobson.
260 _aCarbondale :
_bSouthern Illinois University Press,
_cc1986.
300 _axii, 212 p.
504 _aIncludes bibliographical references and indexes.
533 _aElectronic reproduction.
_bPalo Alto, Calif. :
_cebrary,
_d2011.
_nAvailable via World Wide Web.
_nAccess may be limited to ebrary affiliated libraries.
650 0 _aBuddhism
_xDoctrines.
650 0 _aBuddhism.
655 7 _aElectronic books.
_2local
710 2 _aebrary, Inc.
856 4 0 _uhttp://site.ebrary.com/lib/rucke/Doc?id=10575413
_zAn electronic book accessible through the World Wide Web; click to view
999 _c181599
_d181599